000 00699nam a2200193 a 4500
008 071127s2005 ||||||||||||||||| || u
020 _a0750663804
050 _aTA 403 Eng
100 _aAshby, Michael, F
245 1 0 _aEngineering materials: an introduction to properties, applications and design. --3rd ed.
_cMicahel F. Ashby; David R. H. Jones
250 _a3rd ed.
260 _aArmsterdam
_bElsevier
_c2005
300 _axiv, 424p.: ill
350 _a0.00
650 _aENGINEERING
650 0 _aMATERIALS
700 _aJones, David R. H
995 _D0.00
_FCBU-MAIN LIBRARY (Kitwe)
_H1
_I0.00
_M1
_UAVAILABLE
_WNov 27, 2007
_ZShort Loan Collection
999 _c41948
_d41948